00909 2200325 4500001002100000005001500021035002500036008004100061020002200102040001700124082001500141084001700156090002100173090002200194100001300216245008800229250001100317260003600328300005300364500001100417650001700428700002000445850001200465007000300477041000800480504003300488990002200521990002000543990002000563INLIS00000000000132020200221114108 a0010-121400000000399141224p2012 yoia g 1 ind d a978-602-7811-23-2 aYOPDYOGbind04223a320.01 a320.01 FIT t aDEP 320.01 FIT t aCB-D.11 2013-12800 aFitriyah1 aTeori dan praktik pemilihan umum di Indonesia /cFitriyah ; editor, Dyni Nafisawati aCet.2.3 aYogyakarta :bDeepublish,c2012 axxxiv, 256 halaman :bilustrasi, grafik ;c24 cm aIndeks 4aIlmu Politik0 aDyni Nafisawati aYOPDYOGta0 aind aBibliografi: halaman 237-246 aCB-D.11/2013-1280 a63056-PD/A.2019 a66167-PD/A.2020